000 00305nam a2200097Ia 4500
082 _aST 362.10420968 RISP
245 0 _aSouth African case study on social exclusion
100 _a Rispel, L. C. Cape Town, South Africa, 2008
_929924
942 _cBK
008 210817s9999 xx 000 0 und d
999 _c405222
_d405221